000 00899cam a2200253 a 4500
005 20151002154738.0
008 151002s1995 ck fr 00010bspa d
020 _a9589576524 (colección)
020 _a9588040132 (v.38)
040 _aCO-BoUCM
_bspa
_cSandra Palacio
_dSandra Palacio
041 0 _aspa
100 1 _aSanta, Eduardo
_971842
245 1 0 _aLópez de Mesa y la cultura colombiana
_cSanta, Eduardo
260 _aBogotá (Colombia)
_bAcademia Colombiana de Historia
_c1995
300 _a215 páginas
440 0 _aAcademia Colombiana de historia
_v38
_971952
600 1 6 _aLópez de Mesa, Luis
_d1884-1967
_938489
650 7 _aPensamiento político
_921265
650 7 _aEscritos políticos
_914806
650 7 _aPolíticos
_zColombia
_938869
690 _942754
_aCiencia política
942 _2DEWEY
_a6
_cLIBRO
_e1
_h320.5
_mL925s
999 _c301501
_d301501